| 000 | 00450nam a2200145Ia 4500 | ||
|---|---|---|---|
| 001 | 64397 | ||
| 008 | 210705n2020 ii |||gr||||Z||||||465 | ||
| 020 | _a9789388937269 | ||
| 082 | _a910.01 | ||
| 100 |
_aRana, Lalita, _eAuthor. |
||
| 245 | 0 |
_aParadigmatic shifts in geographical thought : _ba methodological examination / _cLalita Rana . _hTextual Documents |
|
| 260 |
_aDelhi _bConcept Publishing Comp. _c2020 |
||
| 300 | _avii, 303 p. | ||
| 942 |
_2ddc _cBK |
||
| 999 |
_c65497 _d65497 |
||